Textbook of Operative Dentistry (Record no. 33017)
[ view plain ]
| 000 -LEADER | |
|---|---|
| fixed length control field | 00471nam a22001577a 4500 |
| 003 - CONTROL NUMBER IDENTIFIER | |
| control field | SGT |
| 020 ## - INTERNATIONAL STANDARD BOOK NUMBER | |
| International Standard Book Number | 9789349057197 |
| 082 ## - DEWEY DECIMAL CLASSIFICATION NUMBER | |
| Classification number | 617.6342 |
| Item number | T26S |
| 100 ## - MAIN ENTRY--PERSONAL NAME | |
| Personal name | Sikri, Vimal K. |
| 245 ## - TITLE STATEMENT | |
| Title | Textbook of Operative Dentistry |
| Remainder of title | including Conservative and Restorative Dentistry |
| 250 ## - EDITION STATEMENT | |
| Edition statement | 6th Ed. |
| 260 ## - PUBLICATION, DISTRIBUTION, ETC. (IMPRINT) | |
| Place of publication, distribution, etc | Delhi, India |
| Name of publisher, distributor, etc | CBS Publishers & Distributers |
| Year of Publication | 2026 |
| 300 ## - PAGE DESCRIPTION | |
| No. of Pages | 657 |
| 650 ## - SUBJECT ADDED ENTRY--TOPICAL TERM | |
| Topical term or geographic name as entry element | Operative Dentistry; Endodontics; Conservative Dentistry |
| 942 ## - ADDED ENTRY ELEMENTS (KOHA) | |
| Source of classification or shelving scheme | Dewey Decimal Classification |
| Koha item type | Books |
| Withdrawn status | Lost status | Source of classification or shelving scheme | Damaged status | Use restrictions | Not for loan | Home library | Current library | Shelving location | Date acquired | Vendor Name | Cost, normal purchase price | SGTU | Bill Number | Full call number | Accession No. (Barcode) | Date last seen | Bill Date | Koha item type | Total Checkouts | Date last borrowed |
|---|---|---|---|---|---|---|---|---|---|---|---|---|---|---|---|---|---|---|---|---|
| Dewey Decimal Classification | Restricted Access | Not For Loan | SGT Dental Library | SGT Dental Library | Reference Book | 29/10/2025 | Ahuja Book Co. Pvt. Ltd. | 1395.00 | SGTU | 21713 | 617.6342 T26S | FD10104 | 30/10/2025 | Books | ||||||
| Dewey Decimal Classification | SGT Dental Library | SGT Dental Library | Text Book | 29/10/2025 | Ahuja Book Co. Pvt. Ltd. | 1395.00 | SGTU | 21713 | 617.6342 T26S | FD10105 | 30/10/2025 | Books | ||||||||
| Dewey Decimal Classification | SGT Dental Library | SGT Dental Library | Text Book | 29/10/2025 | Ahuja Book Co. Pvt. Ltd. | 1395.00 | SGTU | 21713 | 617.6342 T26S | FD10106 | 30/10/2025 | Books | ||||||||
| Dewey Decimal Classification | SGT Dental Library | SGT Dental Library | Text Book | 29/10/2025 | Ahuja Book Co. Pvt. Ltd. | 1395.00 | SGTU | 21713 | 617.6342 T26S | FD10107 | 14/03/2026 | Books | 2 | 02/03/2026 | ||||||
| Dewey Decimal Classification | SGT Dental Library | SGT Dental Library | Text Book | 29/10/2025 | Ahuja Book Co. Pvt. Ltd. | 1395.00 | SGTU | 21713 | 617.6342 T26S | FD10108 | 25/02/2026 | Books | 3 | 19/02/2026 |